Acción jurídica y sistema normativo: introducción a la sociología del derecho
Guardat en:
| Autor principal: | |
|---|---|
| Format: | Llibre |
| Idioma: | espanyol |
| Publicat: |
Madrid
Dykinson
2000
|
| Col·lecció: | Colección Traducciones, 1
|
| Matèries: | |
| Etiquetes: |
Afegir etiqueta
Sense etiquetes, Sigues el primer a etiquetar aquest registre!
|
MARC
| LEADER | 00000nam a2200000 a 4500 | ||
|---|---|---|---|
| 001 | UCO0631 | ||
| 003 | CL-VaPUC | ||
| 008 | 000420e20000000SP |||||||||||||||||spa|d | ||
| 082 | 0 | 4 | |a 340.115 |b FER |2 21 |
| 100 | 0 | |a Ferrari, Vincenzo |e author |9 441985 | |
| 245 | 1 | 0 | |a Acción jurídica y sistema normativo: introducción a la sociología del derecho |
| 300 | |a 357 p | ||
| 942 | |c BK | ||
| 945 | |d 20000420 00:00:00 |a vberengu | ||
| 260 | |a Madrid |b Dykinson |c 2000 | ||
| 650 | 0 | |a Acción legal |9 395006 | |
| 650 | 0 | |a Derecho y sociedad |9 255963 | |
| 650 | 7 | |a NORMAS |2 CL-VaPUC |9 259606 | |
| 650 | 7 | |a SISTEMA NORMATIVO |2 CL-VaPUC |9 441986 | |
| 650 | 0 | |a Sociología del derecho |9 254890 | |
| 583 | |a last modification |c 20000420 00:00:00 |k Rodrigo Vera | ||
| 490 | 0 | |a Colección Traducciones, 1 | |
| 999 | |c 287280 |d 287278 | ||
| 952 | |0 0 |1 0 |4 0 |6 340_115000000000000_FER_2000 |7 0 |8 DER_TF |9 334008 |a BIBDER |b BIBDER |d 2019-11-20 |i 3612937 |o 340.115 FER 2000 |p 3612937 |r 2023-01-25 |w 2019-11-20 |x Ubicación 4to Piso |y BK |z Estos recursos deben solicitarse con anticipación |k DER | ||